000
00293nam a22001337a 4500
008
180119b xxu||||| |||| 00| 0 eng d
020
_a
9781455745807
041
_a
eng
080
_2
4 ed
_a
61
100
_a
3
101
_a
shm
245
_a
medical biochemistry
_c
john.w.b
942
_2
udc
_c
BK
999
_c
40548
_d
40548